| 000 | 00656nam a22001697a 4500 | ||
|---|---|---|---|
| 020 | _qHard Cover. | ||
| 082 | _a200 | ||
| 100 | _aMuhammad Qasim Khan | ||
| 245 |
_aAnalysis of Pakistan's Disaster Management System to Recommend and Optimized Practical Workable Model Duly Encompassing Supply Chain Aspects / _cMuhammad Qasim Khan. |
||
| 260 |
_aIslamabad: _bCEME NUST, _c2010. |
||
| 300 |
_a113 p. _bill. ; _c30cm. |
||
| 650 |
_aMS-Engineering Management _929309 |
||
| 700 |
_aDr. Syed Athar Masood _929301 |
||
| 856 | _uhttp://10.250.8.41:8080/xmlui/handle/123456789/36825 | ||
| 942 |
_2ddc _cTHE |
||
| 999 |
_c535048 _d535048 |
||